[Event "Irena Warakomska Memorial A"]
[Site "Suwalki"]
[Date "2021.07.31"]
[Round "6"]
[White "Praczukowski, Stanislaw"]
[Black "Karolczuk, Iwo"]
[Result "0-1"]
[Board "34"]
[WhiteElo "2156"]
[WhiteCountry "POL"]
[WhiteFideId "1182730"]
[WhiteEloChange "-11"]
[BlackElo "2129"]
[BlackCountry "POL"]
[BlackFideId "21816972"]
[BlackEloChange "11"]

1. e4 {[%clk 1:30:56]} c5 {[%clk 1:30:10]} 2. Nf3 {[%clk 1:31:18]} e6 {[%clk
1:30:35]} 3. d4 {[%clk 1:31:34]} cxd4 {[%clk 1:31:01]} 4. Nxd4 {[%clk 1:31:58]}
a6 {[%clk 1:31:26]} 5. c4 {[%clk 1:31:30]} Nf6 {[%clk 1:31:49]} 6. Nc3 {[%clk
1:31:37]} Bb4 {[%clk 1:32:13]} 7. Qf3 {[%clk 1:30:41]} Bxc3+ {[%clk 1:32:25]} 8.
bxc3 {[%clk 1:29:02]} d6 {[%clk 1:32:01]} 9. Qg3 {[%clk 1:22:23]} O-O {[%clk
1:20:02]} 10. Bh6 {[%clk 1:21:06]} Ne8 {[%clk 1:18:09]} 11. Be2 {[%clk 1:20:25]}
Qc7 {[%clk 1:10:16]} 12. O-O {[%clk 1:12:35]} Nd7 {[%clk 1:10:29]} 13. f4 {[%clk
1:12:10]} Kh8 {[%clk 1:02:27]} 14. Bg5 {[%clk 1:11:18]} Nc5 {[%clk 1:01:34]} 15.
Qe3 {[%clk 1:07:37]} e5 {[%clk 0:55:58]} 16. Nb3 {[%clk 1:00:21]} Ne6 {[%clk
0:44:56]} 17. f5 {[%clk 0:59:30]} Nxg5 {[%clk 0:45:05]} 18. Qxg5 {[%clk 0:59:51]}
Nf6 {[%clk 0:45:11]} 19. Qe3 {[%clk 0:59:35]} b6 {[%clk 0:44:15]} 20. Rab1 {[%clk
0:58:10]} b5 {[%clk 0:33:26]} 21. c5 {[%clk 0:35:00]} Bb7 {[%clk 0:31:34]} 22.
cxd6 {[%clk 0:33:05]} Qxd6 {[%clk 0:31:55]} 23. Nc5 {[%clk 0:33:25]} Qb6 {[%clk
0:31:05]} 24. Qf2 {[%clk 0:29:34]} Rac8 {[%clk 0:31:00]} 25. Nxb7 {[%clk
0:29:32]} Qxb7 {[%clk 0:31:07]} 26. c4 {[%clk 0:29:25]} Qxe4 {[%clk 0:30:26]} 27.
cxb5 {[%clk 0:28:32]} Rc2 {[%clk 0:28:01]} 28. Rfe1 {[%clk 0:28:15]} axb5 {[%clk
0:27:09]} 29. Rxb5 {[%clk 0:28:12]} Rxa2 {[%clk 0:26:18]} 30. Qf3 {[%clk
0:28:03]} Qd4+ {[%clk 0:25:21]} 31. Qf2 {[%clk 0:28:12]} Qd2 {[%clk 0:23:34]} 32.
h3 {[%clk 0:27:42]} e4 {[%clk 0:17:07]} 33. Rb6 {[%clk 0:27:49]} h6 {[%clk
0:15:27]} 34. Qh4 {[%clk 0:27:43]} Qd4+ {[%clk 0:14:52]} 35. Qf2 {[%clk 0:28:06]}
e3 {[%clk 0:15:05]} 0-1

[Event "Irena Warakomska Memorial A"]
[Site "Suwalki"]
[Date "2021.07.31"]
[Round "6"]
[White "Kozlowski, Michal"]
[Black "Piekielny, Pawel"]
[Result "0-1"]
[Board "35"]
[WhiteElo "2043"]
[WhiteCountry "POL"]
[WhiteFideId "21838194"]
[WhiteEloChange "-7"]
[BlackElo "2150"]
[BlackCountry "POL"]
[BlackFideId "21838828"]
[BlackEloChange "7"]

1. e4 {[%clk 1:30:51]} c6 {[%clk 1:30:53]} 2. d4 {[%clk 1:30:33]} d5 {[%clk
1:31:18]} 3. e5 {[%clk 1:30:59]} c5 {[%clk 1:31:23]} 4. dxc5 {[%clk 1:31:26]} e6
{[%clk 1:31:27]} 5. Nf3 {[%clk 1:31:42]} Bxc5 {[%clk 1:25:20]} 6. Bd3 {[%clk
1:31:19]} Ne7 {[%clk 1:25:44]} 7. a3 {[%clk 1:31:45]} Ng6 {[%clk 1:25:07]} 8. b4
{[%clk 1:30:48]} Be7 {[%clk 1:25:31]} 9. Bb2 {[%clk 1:29:09]} O-O {[%clk
1:25:23]} 10. O-O {[%clk 1:26:12]} a5 {[%clk 1:25:30]} 11. b5 {[%clk 1:26:09]} b6
{[%clk 1:23:32]} 12. g3 {[%clk 1:21:04]} Nd7 {[%clk 1:20:08]} 13. Nbd2 {[%clk
1:19:24]} Qc7 {[%clk 1:20:10]} 14. Qe2 {[%clk 1:19:21]} Nc5 {[%clk 1:20:15]} 15.
h4 {[%clk 1:18:50]} Rd8 {[%clk 1:19:02]} 16. a4 {[%clk 1:10:05]} h6 {[%clk
1:17:36]} 17. h5 {[%clk 1:00:35]} Nf8 {[%clk 1:18:01]} 18. Nd4 {[%clk 1:01:01]}
Bb7 {[%clk 1:18:24]} 19. f4 {[%clk 1:01:05]} Nfd7 {[%clk 1:11:19]} 20. N2f3
{[%clk 0:50:40]} Ne4 {[%clk 1:11:02]} 21. Kh2 {[%clk 0:47:25]} Ndc5 {[%clk
1:06:13]} 22. Nb3 {[%clk 0:35:22]} Rac8 {[%clk 0:51:58]} 23. Nxc5 {[%clk
0:34:51]} Bxc5 {[%clk 0:51:04]} 24. Rac1 {[%clk 0:24:31]} Qe7 {[%clk 0:47:18]}
25. Nd2 {[%clk 0:15:46]} Nxd2 {[%clk 0:23:20]} 26. Qxd2 {[%clk 0:16:13]} d4
{[%clk 0:23:43]} 27. Qe2 {[%clk 0:14:49]} Bb4 {[%clk 0:22:20]} 28. f5 {[%clk
0:11:06]} exf5 {[%clk 0:21:33]} 29. Rxf5 {[%clk 0:10:57]} Bc3 {[%clk 0:18:53]}
30. Bxc3 {[%clk 0:10:43]} dxc3 {[%clk 0:19:03]} 31. Rcf1 {[%clk 0:08:39]} Bd5
{[%clk 0:18:14]} 32. Qe3 {[%clk 0:02:39]} Rc5 {[%clk 0:16:25]} 33. Rf6 {[%clk
0:01:20]} Be6 {[%clk 0:12:50]} 34. R6f2 {[%clk 0:00:39]} Qg5 {[%clk 0:10:47]} 35.
Qxg5 {[%clk 0:00:36]} hxg5 {[%clk 0:11:16]} 36. Rd1 {[%clk 0:00:34]} Kf8 {[%clk
0:11:05]} 37. Re1 {[%clk 0:00:37]} Rd4 {[%clk 0:11:10]} 38. Ra1 {[%clk 0:00:31]}
Rxe5 {[%clk 0:10:44]} 39. Ra3 {[%clk 0:00:35]} Rc5 {[%clk 0:10:56]} 40. Ra1
{[%clk 0:31:03]} g4 {[%clk 0:40:04]} 41. Rf4 {[%clk 0:27:22]} Rxh5+ {[%clk
0:39:34]} 42. Kg2 {[%clk 0:27:51]} Bd5+ {[%clk 0:37:10]} 43. Kf2 {[%clk 0:28:19]}
Rxf4+ {[%clk 0:37:33]} 44. gxf4 {[%clk 0:28:48]} Rh3 {[%clk 0:36:58]} 45. Bf1
{[%clk 0:26:33]} g3+ {[%clk 0:37:08]} 0-1

[Event "Irena Warakomska Memorial A"]
[Site "Suwalki"]
[Date "2021.07.31"]
[Round "6"]
[White "Parol, Pola"]
[Black "Skurniak, Szymon"]
[Result "1-0"]
[Board "36"]
[WhiteElo "2111"]
[WhiteTitle "WFM"]
[WhiteCountry "POL"]
[WhiteFideId "1163116"]
[WhiteEloChange "11"]
[BlackElo "2143"]
[BlackCountry "POL"]
[BlackFideId "21805571"]
[BlackEloChange "-11"]

1. e4 {[%clk 1:30:58]} c5 {[%clk 1:30:40]} 2. Nf3 {[%clk 1:31:21]} Nc6 {[%clk
1:31:02]} 3. d4 {[%clk 1:31:45]} cxd4 {[%clk 1:31:28]} 4. Nxd4 {[%clk 1:32:09]}
Nf6 {[%clk 1:31:50]} 5. Nc3 {[%clk 1:32:30]} d6 {[%clk 1:32:09]} 6. Bg5 {[%clk
1:32:36]} e6 {[%clk 1:32:22]} 7. Qd2 {[%clk 1:32:31]} a6 {[%clk 1:32:31]} 8.
O-O-O {[%clk 1:31:55]} Bd7 {[%clk 1:32:34]} 9. f4 {[%clk 1:31:51]} b5 {[%clk
1:32:18]} 10. Bxf6 {[%clk 1:25:00]} gxf6 {[%clk 1:29:36]} 11. Kb1 {[%clk
1:24:41]} Qb6 {[%clk 1:29:56]} 12. Nce2 {[%clk 1:23:15]} O-O-O {[%clk 1:03:59]}
13. f5 {[%clk 1:11:24]} Nxd4 {[%clk 0:43:48]} 14. Nxd4 {[%clk 1:10:33]} h5 {[%clk
0:37:31]} 15. Qd3 {[%clk 1:05:52]} Bh6 {[%clk 0:24:31]} 16. g3 {[%clk 1:00:01]}
e5 {[%clk 0:20:00]} 17. Ne2 {[%clk 0:59:17]} b4 {[%clk 0:15:38]} 18. Qb3 {[%clk
0:51:24]} Bc6 {[%clk 0:14:49]} 19. Nc3 {[%clk 0:49:04]} Be3 {[%clk 0:13:07]} 20.
Nd5 {[%clk 0:47:09]} Bxd5 {[%clk 0:13:26]} 21. Qxd5 {[%clk 0:47:00]} Rd7 {[%clk
0:09:14]} 22. Qa8+ {[%clk 0:46:03]} Qb8 {[%clk 0:09:43]} 23. Bxa6+ {[%clk
0:43:06]} Kc7 {[%clk 0:09:59]} 24. Qd5 {[%clk 0:41:25]} Qa8 {[%clk 0:07:12]} 25.
Qc4+ {[%clk 0:36:30]} Bc5 {[%clk 0:07:13]} 26. Bb5 {[%clk 0:36:16]} Re7 {[%clk
0:07:39]} 27. c3 {[%clk 0:34:19]} bxc3 {[%clk 0:07:51]} 28. bxc3 {[%clk 0:29:12]}
Qa3 {[%clk 0:05:52]} 29. Qb3 {[%clk 0:26:50]} Rb8 {[%clk 0:06:20]} 30. Qxa3
{[%clk 0:24:01]} Bxa3 {[%clk 0:06:42]} 31. Rd5 {[%clk 0:23:42]} Ree8 {[%clk
0:05:12]} 32. Kc2 {[%clk 0:21:24]} Rg8 {[%clk 0:05:32]} 33. Kb3 {[%clk 0:12:10]}
Bc5 {[%clk 0:05:56]} 34. a4 {[%clk 0:12:16]} Rg4 {[%clk 0:04:32]} 35. Re1 {[%clk
0:12:19]} h4 {[%clk 0:04:57]} 36. Rd3 {[%clk 0:06:38]} Rbg8 {[%clk 0:03:10]} 37.
Kc4 {[%clk 0:05:19]} hxg3 {[%clk 0:03:15]} 38. Rxg3 {[%clk 0:04:55]} Rxg3 {[%clk
0:03:31]} 39. hxg3 {[%clk 0:05:22]} Rxg3 {[%clk 0:03:48]} 40. Be8 {[%clk
0:35:06]} Rg7 {[%clk 0:30:46]} 41. Re2 {[%clk 0:29:30]} Bb6 {[%clk 0:16:11]} 42.
Kb5 {[%clk 0:28:00]} Rg8 {[%clk 0:15:00]} 43. Bxf7 {[%clk 0:27:17]} Ra8 {[%clk
0:15:15]} 44. Ra2 {[%clk 0:25:40]} Ra5+ {[%clk 0:14:14]} 45. Kb4 {[%clk 0:25:13]}
Rc5 {[%clk 0:13:24]} 46. a5 {[%clk 0:24:50]} Ba7 {[%clk 0:13:47]} 47. Bd5 {[%clk
0:24:31]} Kb8 {[%clk 0:13:08]} 48. Rg2 {[%clk 0:23:48]} Rc8 {[%clk 0:13:20]} 49.
Rg7 {[%clk 0:23:06]} Bc5+ {[%clk 0:13:38]} 50. Kb5 {[%clk 0:22:56]} Rc7 {[%clk
0:11:43]} 51. Rg6 {[%clk 0:16:25]} Be3 {[%clk 0:11:29]} 52. Bc6 {[%clk 0:15:28]}
Bg5 {[%clk 0:11:16]} 53. a6 {[%clk 0:14:50]} Ra7 {[%clk 0:08:30]} 54. Rg8+ {[%clk
0:14:39]} Kc7 {[%clk 0:08:58]} 55. Rg7+ {[%clk 0:14:54]} Kb8 {[%clk 0:09:26]} 56.
Bb7 {[%clk 0:14:50]} Bd2 {[%clk 0:08:26]} 57. Kc6 {[%clk 0:15:04]} Bxc3 {[%clk
0:08:50]} 58. Rg8# {[%clk 0:15:29]} 1-0

[Event "Irena Warakomska Memorial A"]
[Site "Suwalki"]
[Date "2021.07.31"]
[Round "6"]
[White "Stanisz, Patryk"]
[Black "Derylo, Kamil"]
[Result "1-0"]
[Board "37"]
[WhiteElo "2140"]
[WhiteCountry "POL"]
[WhiteFideId "1123106"]
[WhiteEloChange "8"]
[BlackElo "2062"]
[BlackCountry "POL"]
[BlackFideId "21846596"]
[BlackEloChange "-8"]

1. Nf3 {[%clk 1:30:57]} d5 {[%clk 1:26:05]} 2. d4 {[%clk 1:31:00]} Nf6 {[%clk
1:25:45]} 3. e3 {[%clk 1:31:24]} c6 {[%clk 1:24:11]} 4. Nbd2 {[%clk 1:31:34]} Bg4
{[%clk 1:24:07]} 5. c4 {[%clk 1:27:30]} e6 {[%clk 1:22:49]} 6. h3 {[%clk
1:23:25]} Bh5 {[%clk 1:23:00]} 7. g4 {[%clk 1:23:27]} Bg6 {[%clk 1:22:37]} 8. Ne5
{[%clk 1:23:49]} Be4 {[%clk 1:16:16]} 9. f3 {[%clk 1:21:53]} Bg6 {[%clk 1:16:04]}
10. h4 {[%clk 1:21:32]} h5 {[%clk 1:05:52]} 11. Nxg6 {[%clk 1:14:03]} fxg6 {[%clk
1:06:19]} 12. g5 {[%clk 0:55:17]} Ng8 {[%clk 1:06:26]} 13. Qc2 {[%clk 0:55:33]}
Ne7 {[%clk 1:05:21]} 14. cxd5 {[%clk 0:54:23]} cxd5 {[%clk 1:04:50]} 15. Nb3
{[%clk 0:52:22]} Nf5 {[%clk 1:02:12]} 16. Nc5 {[%clk 0:51:38]} Qc7 {[%clk
0:57:21]} 17. f4 {[%clk 0:45:28]} Kf7 {[%clk 0:54:45]} 18. Bd3 {[%clk 0:44:32]}
Bxc5 {[%clk 0:50:36]} 19. dxc5 {[%clk 0:44:29]} Rc8 {[%clk 0:48:30]} 20. Bxf5
{[%clk 0:41:04]} gxf5 {[%clk 0:46:34]} 21. b4 {[%clk 0:41:00]} b6 {[%clk
0:43:53]} 22. g6+ {[%clk 0:37:46]} Kxg6 {[%clk 0:43:44]} 23. Bb2 {[%clk 0:30:32]}
Kh6 {[%clk 0:40:08]} 24. Qg2 {[%clk 0:26:58]} Qf7 {[%clk 0:38:19]} 25. Kd2 {[%clk
0:23:30]} g6 {[%clk 0:37:16]} 26. Rhg1 {[%clk 0:18:49]} bxc5 {[%clk 0:34:32]} 27.
bxc5 {[%clk 0:19:06]} Nd7 {[%clk 0:33:11]} 28. c6 {[%clk 0:14:08]} Rxc6 {[%clk
0:32:40]} 29. Rac1 {[%clk 0:14:37]} Rac8 {[%clk 0:32:09]} 30. Rxc6 {[%clk
0:15:06]} Rxc6 {[%clk 0:32:30]} 31. Qg5+ {[%clk 0:15:33]} Kh7 {[%clk 0:32:49]}
32. Qd8 {[%clk 0:15:31]} e5 {[%clk 0:31:34]} 33. fxe5 {[%clk 0:13:21]} Qe6 {[%clk
0:30:49]} 34. Bd4 {[%clk 0:12:41]} Nb6 {[%clk 0:21:04]} 35. Rb1 {[%clk 0:12:37]}
Rc8 {[%clk 0:20:15]} 36. Qg5 {[%clk 0:12:55]} Rc7 {[%clk 0:19:07]} 37. Ke1 {[%clk
0:11:31]} Qe7 {[%clk 0:08:17]} 38. Qf4 {[%clk 0:11:40]} Rc4 {[%clk 0:07:47]} 39.
Kf2 {[%clk 0:08:48]} Qc7 {[%clk 0:06:20]} 40. Rb2 {[%clk 0:34:31]} Na4 {[%clk
0:33:05]} 41. Rb1 {[%clk 0:26:45]} Nc3 {[%clk 0:28:20]} 42. Re1 {[%clk 0:24:32]}
Qe7 {[%clk 0:25:03]} 43. Kg1 {[%clk 0:24:02]} a5 {[%clk 0:22:57]} 44. e6 {[%clk
0:21:41]} Qxe6 {[%clk 0:20:32]} 45. Qb8 {[%clk 0:22:09]} Qg8 {[%clk 0:10:54]} 46.
Qe5 {[%clk 0:20:22]} Nb5 {[%clk 0:06:48]} 47. Qe7+ {[%clk 0:14:17]} Kh6 {[%clk
0:07:15]} 48. Rb1 {[%clk 0:12:17]} Rb4 {[%clk 0:07:20]} 49. Rxb4 {[%clk 0:12:12]}
axb4 {[%clk 0:07:47]} 50. Bf6 {[%clk 0:12:35]} g5 {[%clk 0:06:17]} 51. Bxg5+
{[%clk 0:12:55]} Kg6 {[%clk 0:06:37]} 52. Qf6+ {[%clk 0:13:19]} Kh7 {[%clk
0:07:02]} 53. Qh6# {[%clk 0:13:44]} 1-0

[Event "Irena Warakomska Memorial A"]
[Site "Suwalki"]
[Date "2021.07.31"]
[Round "6"]
[White "Kaczmarek, Arkadiusz"]
[Black "Kumala, Aleksander"]
[Result "1-0"]
[Board "38"]
[WhiteElo "2147"]
[WhiteCountry "POL"]
[WhiteFideId "1178393"]
[WhiteEloChange "12"]
[BlackElo "2206"]
[BlackTitle "CM"]
[BlackCountry "POL"]
[BlackFideId "1141880"]
[BlackEloChange "-12"]

1. d4 {[%clk 1:30:57]} Nf6 {[%clk 1:30:54]} 2. c4 {[%clk 1:30:23]} e5 {[%clk
1:31:19]} 3. dxe5 {[%clk 1:30:38]} Ng4 {[%clk 1:31:43]} 4. e4 {[%clk 1:30:51]}
Nxe5 {[%clk 1:32:06]} 5. f4 {[%clk 1:31:05]} Nec6 {[%clk 1:32:26]} 6. Nc3 {[%clk
1:31:13]} Bc5 {[%clk 1:31:37]} 7. Na4 {[%clk 1:31:25]} Bb4+ {[%clk 1:28:59]} 8.
Kf2 {[%clk 1:31:41]} b6 {[%clk 1:21:09]} 9. Be3 {[%clk 1:28:25]} Na6 {[%clk
1:18:42]} 10. Ne2 {[%clk 0:59:41]} Bb7 {[%clk 1:15:37]} 11. a3 {[%clk 0:53:28]}
Bc5 {[%clk 1:15:32]} 12. Nxc5 {[%clk 0:53:45]} Nxc5 {[%clk 1:15:57]} 13. Nc3
{[%clk 0:53:57]} Qf6 {[%clk 1:10:53]} 14. Rc1 {[%clk 0:44:51]} g5 {[%clk
1:00:52]} 15. Nd5 {[%clk 0:27:56]} Nxe4+ {[%clk 0:57:53]} 16. Kg1 {[%clk
0:27:55]} Qd6 {[%clk 0:55:04]} 17. fxg5 {[%clk 0:27:53]} O-O-O {[%clk 0:53:45]}
18. b4 {[%clk 0:25:42]} Qe6 {[%clk 0:45:32]} 19. Be2 {[%clk 0:22:18]} Rhg8 {[%clk
0:42:59]} 20. h4 {[%clk 0:20:58]} f6 {[%clk 0:41:23]} 21. Bg4 {[%clk 0:17:09]} f5
{[%clk 0:36:41]} 22. Bh3 {[%clk 0:15:14]} Ne5 {[%clk 0:33:58]} 23. Bxf5 {[%clk
0:14:52]} 1-0

[Event "Irena Warakomska Memorial A"]
[Site "Suwalki"]
[Date "2021.08.01"]
[Round "7"]
[White "Chatalbashev, Boris"]
[Black "Socko, Bartosz"]
[Result "1-0"]
[Board "1"]
[WhiteElo "2535"]
[WhiteTitle "GM"]
[WhiteCountry "DEN"]
[WhiteFideId "2900440"]
[WhiteEloChange "6"]
[BlackElo "2619"]
[BlackTitle "GM"]
[BlackCountry "POL"]
[BlackFideId "1107038"]
[BlackEloChange "-6"]

1. d4 {[%clk 1:30:57]} Nf6 {[%clk 1:30:54]} 2. c4 {[%clk 1:31:22]} e6 {[%clk
1:31:21]} 3. Nc3 {[%clk 1:31:41]} Bb4 {[%clk 1:31:46]} 4. g3 {[%clk 1:32:04]} O-O
{[%clk 1:31:56]} 5. Bg2 {[%clk 1:32:17]} d5 {[%clk 1:32:21]} 6. Nf3 {[%clk
1:32:42]} dxc4 {[%clk 1:32:43]} 7. O-O {[%clk 1:33:03]} Nc6 {[%clk 1:32:56]} 8.
Qa4 {[%clk 1:33:26]} Nd5 {[%clk 1:32:00]} 9. Qc2 {[%clk 1:33:48]} Rb8 {[%clk
1:31:48]} 10. e4 {[%clk 1:31:24]} Nxc3 {[%clk 1:28:19]} 11. bxc3 {[%clk 1:31:47]}
Be7 {[%clk 1:28:44]} 12. Rd1 {[%clk 1:27:44]} b5 {[%clk 1:27:51]} 13. Be3 {[%clk
1:19:12]} a6 {[%clk 1:22:20]} 14. a4 {[%clk 1:16:36]} Bf6 {[%clk 1:08:43]} 15.
axb5 {[%clk 1:15:45]} axb5 {[%clk 1:08:00]} 16. Bf4 {[%clk 1:00:41]} Bb7 {[%clk
0:56:33]} 17. d5 {[%clk 0:58:07]} exd5 {[%clk 0:56:36]} 18. exd5 {[%clk 0:55:43]}
Ne7 {[%clk 0:56:19]} 19. d6 {[%clk 0:55:23]} cxd6 {[%clk 0:56:45]} 20. Rxd6
{[%clk 0:50:24]} Qc8 {[%clk 0:56:09]} 21. Rb1 {[%clk 0:42:44]} Nd5 {[%clk
0:38:44]} 22. Ng5 {[%clk 0:29:13]} Bxg5 {[%clk 0:38:26]} 23. Bxg5 {[%clk
0:29:39]} Nc7 {[%clk 0:29:04]} 24. Bxb7 {[%clk 0:29:38]} Rxb7 {[%clk 0:28:28]}
25. Be3 {[%clk 0:26:22]} Re8 {[%clk 0:12:51]} 26. Bb6 {[%clk 0:18:00]} h6 {[%clk
0:12:49]} 27. Rbd1 {[%clk 0:16:36]} Qg4 {[%clk 0:10:29]} 28. Qb1 {[%clk 0:13:35]}
Ne6 {[%clk 0:07:42]} 29. Be3 {[%clk 0:11:27]} Qf3 {[%clk 0:07:38]} 30. h4 {[%clk
0:10:34]} Reb8 {[%clk 0:06:27]} 31. Qc2 {[%clk 0:09:23]} b4 {[%clk 0:05:46]} 32.
cxb4 {[%clk 0:09:47]} Rxb4 {[%clk 0:06:12]} 33. Re1 {[%clk 0:05:32]} Rb3 {[%clk
0:05:22]} 34. Ba7 {[%clk 0:04:10]} R8b7 {[%clk 0:04:08]} 35. Rd8+ {[%clk
0:04:19]} Nf8 {[%clk 0:04:11]} 36. Rxf8+ {[%clk 0:04:17]} Kxf8 {[%clk 0:04:36]}
37. Bc5+ {[%clk 0:04:42]} 1-0

[Event "Irena Warakomska Memorial A"]
[Site "Suwalki"]
[Date "2021.08.01"]
[Round "7"]
[White "Nasuta, Grzegorz"]
[Black "Kosakowski, Jakub"]
[Result "1-0"]
[Board "2"]
[WhiteElo "2518"]
[WhiteTitle "GM"]
[WhiteCountry "POL"]
[WhiteFideId "1141686"]
[WhiteEloChange "4"]
[BlackElo "2417"]
[BlackTitle "IM"]
[BlackCountry "POL"]
[BlackFideId "1185080"]
[BlackEloChange "-4"]

1. e4 {[%clk 1:30:56]} c5 {[%clk 1:30:29]} 2. Nf3 {[%clk 1:31:20]} d6 {[%clk
1:30:44]} 3. Bb5+ {[%clk 1:31:41]} Nd7 {[%clk 1:29:57]} 4. a4 {[%clk 1:31:55]}
Nf6 {[%clk 1:29:12]} 5. Nc3 {[%clk 1:32:11]} g6 {[%clk 1:28:21]} 6. a5 {[%clk
1:32:29]} Bg7 {[%clk 1:27:48]} 7. O-O {[%clk 1:31:50]} a6 {[%clk 1:26:33]} 8. Be2
{[%clk 1:30:29]} O-O {[%clk 1:26:44]} 9. d3 {[%clk 1:30:42]} b5 {[%clk 1:25:38]}
10. axb6 {[%clk 1:31:06]} a5 {[%clk 1:25:30]} 11. Qd2 {[%clk 1:22:40]} Nxb6
{[%clk 1:19:44]} 12. Qg5 {[%clk 1:19:28]} Ng4 {[%clk 0:54:48]} 13. Qh4 {[%clk
1:12:20]} f5 {[%clk 0:52:34]} 14. exf5 {[%clk 0:45:42]} Bxf5 {[%clk 0:52:00]} 15.
Ng5 {[%clk 0:45:36]} Nf6 {[%clk 0:40:11]} 16. Bf3 {[%clk 0:44:08]} d5 {[%clk
0:37:29]} 17. Re1 {[%clk 0:38:44]} Qd7 {[%clk 0:32:01]} 18. Na4 {[%clk 0:32:20]}
Nxa4 {[%clk 0:26:47]} 19. Qxa4 {[%clk 0:32:41]} Qc8 {[%clk 0:21:59]} 20. Rxe7
{[%clk 0:24:55]} h6 {[%clk 0:22:08]} 21. Nh3 {[%clk 0:20:32]} g5 {[%clk 0:17:56]}
22. Nxg5 {[%clk 0:12:57]} hxg5 {[%clk 0:18:20]} 23. Bxg5 {[%clk 0:13:21]} Qd8
{[%clk 0:17:29]} 24. Rae1 {[%clk 0:08:39]} Rb8 {[%clk 0:17:38]} 25. Qf4 {[%clk
0:05:49]} Bg6 {[%clk 0:13:52]} 26. Bh6 {[%clk 0:02:27]} Rf7 {[%clk 0:12:11]} 27.
Rxf7 {[%clk 0:02:50]} Kxf7 {[%clk 0:11:24]} 28. Bxd5+ {[%clk 0:01:43]} Qxd5
{[%clk 0:09:02]} 29. Bxg7 {[%clk 0:02:08]} Rb6 {[%clk 0:08:35]} 30. Qc7+ {[%clk
0:01:29]} Nd7 {[%clk 0:09:03]} 31. Bc3 {[%clk 0:01:46]} Qd6 {[%clk 0:07:19]} 32.
Qd8 {[%clk 0:01:17]} Nf6 {[%clk 0:05:40]} 33. Qa8 {[%clk 0:01:02]} Qb8 {[%clk
0:03:04]} 34. Qxa5 {[%clk 0:00:41]} Ng4 {[%clk 0:03:06]} 35. g3 {[%clk 0:00:48]}
Qc7 {[%clk 0:00:47]} 36. Qa2+ {[%clk 0:00:49]} c4 {[%clk 0:00:45]} 37. Qa8 {[%clk
0:01:15]} Nf6 {[%clk 0:00:34]} 38. dxc4 {[%clk 0:01:21]} Rc6 {[%clk 0:00:32]} 39.
Qh8 {[%clk 0:00:49]} Qd7 {[%clk 0:00:47]} 40. Bb4 {[%clk 0:30:49]} Rc8 {[%clk
0:30:52]} 41. Qh4 {[%clk 0:19:35]} Re8 {[%clk 0:22:56]} 42. Rxe8 {[%clk 0:17:36]}
Qxe8 {[%clk 0:23:18]} 43. Bc3 {[%clk 0:16:45]} Ne4 {[%clk 0:21:33]} 44. Qf4+
{[%clk 0:15:14]} Kg8 {[%clk 0:21:06]} 45. Bd4 {[%clk 0:15:03]} Qe7 {[%clk
0:20:50]} 46. Qh6 {[%clk 0:07:15]} Bh7 {[%clk 0:20:13]} 47. Qe3 {[%clk 0:06:05]}
Qd8 {[%clk 0:17:21]} 48. h4 {[%clk 0:04:04]} Qd7 {[%clk 0:17:33]} 49. Kg2 {[%clk
0:03:20]} Qg4 {[%clk 0:15:51]} 50. Be5 {[%clk 0:02:44]} Nc5 {[%clk 0:12:21]} 51.
f3 {[%clk 0:02:07]} Qxc4 {[%clk 0:12:39]} 52. Qg5+ {[%clk 0:02:18]} Kf7 {[%clk
0:12:59]} 53. Qg7+ {[%clk 0:01:18]} Ke6 {[%clk 0:12:45]} 54. Qxh7 {[%clk
0:01:33]} Kxe5 {[%clk 0:12:56]} 55. Qg7+ {[%clk 0:01:26]} Kd6 {[%clk 0:13:14]}
56. Qf8+ {[%clk 0:00:43]} Kc6 {[%clk 0:13:06]} 57. Qe8+ {[%clk 0:01:07]} Kd6
{[%clk 0:13:15]} 58. Qg6+ {[%clk 0:01:28]} Kc7 {[%clk 0:13:41]} 59. Qh7+ {[%clk
0:01:04]} Kb8 {[%clk 0:13:43]} 60. Qh8+ {[%clk 0:01:16]} Kb7 {[%clk 0:14:03]} 61.
Qc3 {[%clk 0:01:12]} Qe2+ {[%clk 0:13:08]} 62. Kh3 {[%clk 0:01:41]} Nd7 {[%clk
0:13:24]} 63. Qd3 {[%clk 0:01:42]} Qe6+ {[%clk 0:12:20]} 64. g4 {[%clk 0:02:07]}
Kc7 {[%clk 0:11:02]} 65. h5 {[%clk 0:01:56]} Nf6 {[%clk 0:10:08]} 66. Qd4 {[%clk
0:01:12]} Nd5 {[%clk 0:09:25]} 67. c4 {[%clk 0:01:34]} Ne3 {[%clk 0:09:35]} 68.
Qe4 {[%clk 0:01:57]} Qb6 {[%clk 0:09:50]} 69. Qe5+ {[%clk 0:01:55]} Kc8 {[%clk
0:10:03]} 70. c5 {[%clk 0:01:33]} Qb3 {[%clk 0:10:21]} 71. c6 {[%clk 0:01:28]}
1-0

[Event "Irena Warakomska Memorial A"]
[Site "Suwalki"]
[Date "2021.08.01"]
[Round "7"]
[White "Jakubowski, Krzysztof"]
[Black "Laurusas, Tomas"]
[Result "0-1"]
[Board "3"]
[WhiteElo "2497"]
[WhiteTitle "GM"]
[WhiteCountry "POL"]
[WhiteFideId "1112848"]
[WhiteEloChange "-5"]
[BlackElo "2518"]
[BlackTitle "IM"]
[BlackCountry "LTU"]
[BlackFideId "12803731"]
[BlackEloChange "5"]

1. e4 {[%clk 1:30:58]} e5 {[%clk 1:28:28]} 2. Nf3 {[%clk 1:31:08]} Nf6 {[%clk
1:28:53]} 3. Nxe5 {[%clk 1:31:05]} d6 {[%clk 1:29:17]} 4. Nf3 {[%clk 1:31:28]}
Nxe4 {[%clk 1:29:44]} 5. Nc3 {[%clk 1:30:25]} Nxc3 {[%clk 1:28:43]} 6. dxc3
{[%clk 1:30:47]} Be7 {[%clk 1:29:06]} 7. Be3 {[%clk 1:30:51]} Nd7 {[%clk
1:25:47]} 8. Qd2 {[%clk 1:30:21]} O-O {[%clk 1:26:09]} 9. O-O-O {[%clk 1:30:34]}
c6 {[%clk 1:26:30]} 10. c4 {[%clk 1:21:53]} Nc5 {[%clk 1:12:37]} 11. Nd4 {[%clk
1:12:44]} a5 {[%clk 1:08:49]} 12. Be2 {[%clk 1:05:55]} a4 {[%clk 1:08:30]} 13.
Bf3 {[%clk 1:06:07]} Be6 {[%clk 1:05:36]} 14. Nxe6 {[%clk 0:55:33]} Nxe6 {[%clk
1:04:25]} 15. Kb1 {[%clk 0:55:41]} Qc7 {[%clk 0:58:28]} 16. h4 {[%clk 0:54:57]}
a3 {[%clk 0:50:15]} 17. b3 {[%clk 0:54:35]} d5 {[%clk 0:46:24]} 18. cxd5 {[%clk
0:29:19]} cxd5 {[%clk 0:46:32]} 19. Qxd5 {[%clk 0:29:43]} Rad8 {[%clk 0:40:49]}
20. Qc4 {[%clk 0:27:14]} Qe5 {[%clk 0:41:14]} 21. c3 {[%clk 0:27:23]} b5 {[%clk
0:38:14]} 22. Bd4 {[%clk 0:22:33]} Nxd4 {[%clk 0:31:37]} 23. cxd4 {[%clk
0:22:54]} Qb8 {[%clk 0:30:29]} 24. Qc3 {[%clk 0:09:32]} Bf6 {[%clk 0:27:01]} 25.
Rd3 {[%clk 0:08:09]} b4 {[%clk 0:23:03]} 26. Qc5 {[%clk 0:06:02]} Rc8 {[%clk
0:22:45]} 27. Bc6 {[%clk 0:04:54]} Qf4 {[%clk 0:14:21]} 28. Rc1 {[%clk 0:01:45]}
Qxf2 {[%clk 0:13:58]} 29. Qc2 {[%clk 0:02:10]} Qxh4 {[%clk 0:13:59]} 30. d5
{[%clk 0:01:52]} Qf4 {[%clk 0:12:52]} 31. Re1 {[%clk 0:01:26]} Rfd8 {[%clk
0:07:38]} 32. g3 {[%clk 0:01:39]} Qd6 {[%clk 0:07:40]} 33. Rde3 {[%clk 0:01:07]}
g6 {[%clk 0:07:29]} 34. Rf3 {[%clk 0:01:08]} Bh8 {[%clk 0:07:04]} 35. g4 {[%clk
0:01:23]} h6 {[%clk 0:05:49]} 36. Re6 {[%clk 0:01:24]} fxe6 {[%clk 0:05:18]} 37.
Qxg6+ {[%clk 0:00:57]} Bg7 {[%clk 0:05:43]} 0-1